Catálogo público

Resultados de la investigación para el norte de Sinaloa sobre tomate para la industria 1979-1980 / (Record no. 175008)

MARC details
000 -CABECERA
campo de control de longitud fija 00895nam a2200265Ia 4500
001 - NÚMERO DE CONTROL
campo de control dia_4363
003 - IDENTIFICADOR DEL NÚMERO DE CONTROL
campo de control CHAP
005 - FECHA Y HORA DE LA ÚLTIMA TRANSACCIÓN
campo de control 20230119133105.0
007 - CAMPO FIJO DE DESCRIPCIÓN FÍSICA--INFORMACIÓN GENERAL
campo de control de longitud fija ta
008 - DATOS DE LONGITUD FIJA--INFORMACIÓN GENERAL
campo de control de longitud fija 220117s1980 mx f 000 0 spa d
010 ## - NÚMERO DE CONTROL DE LA BIBLIOTECA DEL CONGRESO
Número de control de LC 175008
040 ## - FUENTE DE LA CATALOGACIÓN
Centro/agencia transcriptor CHAP
Centro catalogador/agencia de origen mxchpua
090 ## - LOCALMENTE ASIGNADO TIPO-LC NÚMERO DE CLASIFICACIÓN (OCLC); NÚMERO DE CLASIFICACIÓN LOCAL (RLIN)
Número de clasificación (OCLC) (R) ; Numero de clasificación, CALL (RLIN) (NR) FOLLETO 2264
100 1# - ENTRADA PRINCIPAL--NOMBRE DE PERSONA
Nombre de persona Retes C., J. Enrique
9 (RLIN) 155810
245 10 - MENCIÓN DE TÍTULO
Título Resultados de la investigación para el norte de Sinaloa sobre tomate para la industria 1979-1980 /
Mención de responsabilidad, etc. J. Enrique Retes C.
300 ## - DESCRIPCIÓN FÍSICA
Extensión 35 páginas
500 ## - NOTA GENERAL
Nota general S/c (Publicación especial, 1)
650 13 - PUNTO DE ACCESO ADICIONAL DE MATERIA--TÉRMINO DE MATERIA
Término de materia o nombre geográfico como elemento de entrada Tomate
Subdivisión general Industria
9 (RLIN) 155811
700 1# - PUNTO DE ACCESO ADICIONAL--NOMBRE DE PERSONA
Nombre de persona Instituto nacional de investigaciones agrícolas. México
9 (RLIN) 155715
942 ## - ELEMENTOS DE PUNTO DE ACCESO ADICIONAL (KOHA)
Tipo de ítem Koha Folleto
Fuente del sistema de clasificación o colocación local
260 ## - PUBLICACIÓN, DISTRIBUCIÓN, ETC.
Lugar de publicación, distribución, etc. México :
Nombre del editor, distribuidor, etc. INIA, Campo agrícola experimental del Valle del Fuerte,
Fecha de publicación, distribución, etc. 1980
901 ## - ELEMENTOS DE DATOS A LOCAL LDA (RLIN)
a FOLLETO 2264
902 ## - ELEMENTOS DE DATOS B LOCAL, LDB (RLIN)
a M
905 ## - ELEMENTOS DE DATOS E LOCAL, LDE (RLIN)
a 0000001980 mx 0000000000spa00
Holdings
Estado de retiro Estado de pérdida Fuente del sistema de clasificación o colocación Estado dañado Restricciones de uso No para préstamo Código de colección Localización permanente Ubicación/localización actual Fecha de adquisición Total de préstamos Signatura topográfica completa Código de barras Fecha visto por última vez Número de copia Precio válido a partir de Tipo de ítem Koha
    Clasificación Universidad Autónoma de Chapingo   Préstamo interno   Folletos Ingenieria Agroindustrial Ingenieria Agroindustrial 18/01/2022   FOLLETO 2264 dia_FOLLETO 2264 18/01/2022 1 18/01/2022 Folleto